000 00462nam a22001577a 4500
999 _c529213
_d529213
020 _qHard Cover.
082 _a620.1
100 _aZafar Noman
245 _aPiezoelectric Material Synthesis and Development. /
_cNoman Zafar.
260 _aIslamabad:
_bSMME-NUST.
_c2017.
300 _aix, 47 p. ill. ;
_c30cm.
942 _2ddc
_cTHE
650 _aMs Thesis.
_918721
700 _aDr. Mustaq Khan.
_921065